000 002780000a22001330004500
020 _a1-4003-0422-9
082 0 4 _aTD L962b
100 1 _aLucado, Max
245 1 0 _aBuginnings / Max Lucado's
260 _aNashville: Tommy Nelson
300 _a26 p.
001 471
942 _cLGB
999 _c47694
_d47694